Paroles - Melodrama - Disiz et Théodora - Statistiques

Statistiques générales
  • Ce quiz a été pris 489 fois
    451 depuis la dernière actualisation
  • Le résultat moyen est 241 sur 294
Statistiques - réponses
Paroles % Correct
de
96%
que
96%
à
95%
a
95%
le
95%
pas
95%
ta
95%
son
94%
ce
93%
comme
93%
dans
93%
j'ai
93%
J'ai
93%
Je
93%
je
93%
Shazam
93%
un
92%
la
91%
fait
90%
mal
89%
t'aurais
89%
les
88%
tu
88%
Tu
88%
J'suis
87%
jsuis
87%
Sur
87%
sur
87%
Y
87%
en
86%
moi
86%
Moi
86%
t'ai
85%
deux
84%
dit
84%
du
84%
fois
84%
t'aime
84%
Tout
84%
tout
84%
et
83%
homme
83%
Mais
83%
mais
83%
ou
83%
pour
83%
trop
82%
peine
81%
ton
81%
Ça
80%
même
80%
mon
80%
pleuré
80%
plus
80%
d'une
79%
yeux
79%
C'est
78%
c'est
78%
Dieu
78%
mes
78%
sous
78%
draps
77%
Il
77%
m'as
77%
Poches
77%
si
77%
Si
77%
con
76%
lit
76%
odeur
76%
pleines
76%
surtout
76%
vie
76%
coule
75%
sans
75%
toi
75%
Valentine
75%
Babe
74%
elle
73%
foutre
73%
hier
73%
l'air
73%
l'eau
73%
pareil
73%
toujours
73%
Encore
72%
(encore)
72%
jamais
72%
l'aquarelle
72%
qu'est
72%
Qu'est
72%
repense
72%
été
71%
pleut
71%
Blessé
70%
d'javel
70%
longtime
70%
l'TGV
70%
vraiment
70%
suis
69%
pourquoi
68%
RER
68%
roule
68%
douleur
66%
couleurs
65%
drame
65%
d'hiver
64%
pied
64%
bg
63%
Dégouté
63%
dernière
63%
qu'on
63%
blues
60%
l'équation
60%
l'tribunal
60%
toute
60%
coupable
59%
façon
59%
l'amour
57%
plaide
57%
bonheur
55%
étoilé
55%
Galères
55%
m'vouloir
55%
s'raccompagne
55%
c'meli-melo
54%
c'méli-mélo
54%
l'enfance
54%
qu'ça
54%
végéter
54%
donc
52%
venu
52%
alors
51%
m'donnes
51%
Aucun quiz correspondant
Distribution des résultats
% des personnes avec chaque résultat
Percentile par nombre de réponses
Votre historique - résultats
Vous n’avez pas pris ce quiz depuis la dernière actualisation